000 00433nam a2200181Ia 4500
005 20250425162710.0
008 250425s9999 xx 000 0 und d
041 _aeng
082 _a639.4
245 0 _aFISHERIES INFORMATION IN ASIA: NEEDS AND OPPORTUNITIES
250 _aS.E
260 _aEstados Unidos
_bSIFR
_c1995
260 _aNEW YORK
300 _a65
650 _aPESQUERIA-NORMAS
942 _c01
010 _a97427
999 _c234628
_d234628